<?xml version="1.0" encoding="UTF-8"?>
<record
    xmlns:xsi="http://www.w3.org/2001/XMLSchema-instance"
    xsi:schemaLocation="http://www.loc.gov/MARC21/slim http://www.loc.gov/standards/marcxml/schema/MARC21slim.xsd"
    xmlns="http://www.loc.gov/MARC21/slim">

  <leader>01508nam0a2200361   4500</leader>
  <controlfield tag="001">RU\NLR\BIBL_A\022708054</controlfield>
  <controlfield tag="005">20260426080526.0</controlfield>
  <datafield tag="010" ind1=" " ind2=" ">
    <subfield code="a">978-5-00227-625-7</subfield>
    <subfield code="9">100</subfield>
  </datafield>
  <datafield tag="021" ind1=" " ind2=" ">
    <subfield code="a">RU</subfield>
    <subfield code="b">&#x41A;&#x41D;-&#x41F;-25-074570</subfield>
    <subfield code="9">&#x41A;&#x41D;-&#x41F;-25-7233</subfield>
  </datafield>
  <datafield tag="035" ind1=" " ind2=" ">
    <subfield code="a">(NLR Aleph) 022708054</subfield>
  </datafield>
  <datafield tag="090" ind1=" " ind2=" ">
    <subfield code="a">13696407</subfield>
    <subfield code="c">13696407</subfield>
  </datafield>
  <datafield tag="100" ind1=" " ind2=" ">
    <subfield code="a">20260123d2025    u  y0rusy50      ca</subfield>
  </datafield>
  <datafield tag="101" ind1="0" ind2=" ">
    <subfield code="a">rus</subfield>
  </datafield>
  <datafield tag="102" ind1=" " ind2=" ">
    <subfield code="a">RU</subfield>
  </datafield>
  <datafield tag="105" ind1=" " ind2=" ">
    <subfield code="a">ac  z   000zy</subfield>
  </datafield>
  <datafield tag="181" ind1=" " ind2="0">
    <subfield code="a">i3</subfield>
    <subfield code="b">axxe  </subfield>
  </datafield>
  <datafield tag="182" ind1=" " ind2="0">
    <subfield code="a">n</subfield>
  </datafield>
  <datafield tag="200" ind1="1" ind2=" ">
    <subfield code="a">&#x41E;&#x431; &#x438;&#x440;&#x43B;&#x430;&#x43D;&#x434;&#x441;&#x43A;&#x43E;&#x43C; &#x441;&#x435;&#x442;&#x442;&#x435;&#x440;&#x435; &#x438; &#x43D;&#x435; &#x442;&#x43E;&#x43B;&#x44C;&#x43A;&#x43E;</subfield>
    <subfield code="f">&#x415;. &#x41D;. &#x421;&#x43C;&#x438;&#x440;&#x43D;&#x43E;&#x432;</subfield>
  </datafield>
  <datafield tag="203" ind1=" " ind2=" ">
    <subfield code="a">&#x422;&#x435;&#x43A;&#x441;&#x442;</subfield>
    <subfield code="b">&#x432;&#x438;&#x437;&#x443;&#x430;&#x43B;&#x44C;&#x43D;&#x44B;&#x439;</subfield>
    <subfield code="c">&#x43D;&#x435;&#x43F;&#x43E;&#x441;&#x440;&#x435;&#x434;&#x441;&#x442;&#x432;&#x435;&#x43D;&#x43D;&#x44B;&#x439;</subfield>
  </datafield>
  <datafield tag="210" ind1=" " ind2=" ">
    <subfield code="a">&#x41C;&#x43E;&#x441;&#x43A;&#x432;&#x430;</subfield>
    <subfield code="c">&#x421;&#x430;&#x43C; &#x41F;&#x43E;&#x43B;&#x438;&#x433;&#x440;&#x430;&#x444;&#x438;&#x441;&#x442;</subfield>
    <subfield code="d">2025</subfield>
  </datafield>
  <datafield tag="215" ind1=" " ind2=" ">
    <subfield code="a">127 &#x441;.</subfield>
    <subfield code="c">&#x438;&#x43B;., &#x442;&#x430;&#x431;&#x43B;., &#x43F;&#x43E;&#x440;&#x442;&#x440;.</subfield>
    <subfield code="d">21</subfield>
  </datafield>
  <datafield tag="320" ind1=" " ind2=" ">
    <subfield code="a">&#x411;&#x438;&#x431;&#x43B;&#x438;&#x43E;&#x433;&#x440;. &#x432; &#x442;&#x435;&#x43A;&#x441;&#x442;&#x435; &#x438; &#x432; &#x43F;&#x43E;&#x434;&#x441;&#x442;&#x440;&#x43E;&#x447;. &#x43F;&#x440;&#x438;&#x43C;&#x435;&#x447;.</subfield>
  </datafield>
  <datafield tag="606" ind1="1" ind2=" ">
    <subfield code="a">&#x418;&#x440;&#x43B;&#x430;&#x43D;&#x434;&#x441;&#x43A;&#x438;&#x435; &#x441;&#x435;&#x442;&#x442;&#x435;&#x440;&#x44B;</subfield>
    <subfield code="9">1232772</subfield>
    <subfield code="3">RU\NLR\AUTH\66502830</subfield>
  </datafield>
  <datafield tag="606" ind1="1" ind2=" ">
    <subfield code="a">&#x41B;&#x435;&#x433;&#x430;&#x432;&#x44B;&#x435; &#x441;&#x43E;&#x431;&#x430;&#x43A;&#x438;</subfield>
    <subfield code="x">&#x414;&#x440;&#x435;&#x441;&#x441;&#x438;&#x440;&#x43E;&#x432;&#x43A;&#x430;</subfield>
    <subfield code="9">1493284</subfield>
    <subfield code="3">RU\NLR\AUTH\66643642</subfield>
  </datafield>
  <datafield tag="606" ind1="1" ind2=" ">
    <subfield code="a">&#x41B;&#x435;&#x433;&#x430;&#x432;&#x44B;&#x435; &#x441;&#x43E;&#x431;&#x430;&#x43A;&#x438;</subfield>
    <subfield code="x">&#x41F;&#x43E;&#x43B;&#x435;&#x432;&#x44B;&#x435; &#x438;&#x441;&#x43F;&#x44B;&#x442;&#x430;&#x43D;&#x438;&#x44F;</subfield>
    <subfield code="9">1493291</subfield>
    <subfield code="3">RU\NLR\AUTH\66643649</subfield>
  </datafield>
  <datafield tag="686" ind1="1" ind2=" ">
    <subfield code="a">&#x41F;673.39 &#x418;&#x440;&#x43B;&#x430;&#x43D;&#x434;&#x441;&#x43A;&#x438;&#x439; &#x441;&#x435;&#x442;&#x442;&#x435;&#x440;</subfield>
  </datafield>
  <datafield tag="686" ind1="1" ind2=" ">
    <subfield code="a">&#x41F;673.39 &#x41B;&#x435;&#x433;&#x430;&#x432;&#x430;&#x44F;-5</subfield>
  </datafield>
  <datafield tag="686" ind1="1" ind2=" ">
    <subfield code="a">&#x41F;673.8</subfield>
  </datafield>
  <datafield tag="700" ind1=" " ind2="1">
    <subfield code="7">ca</subfield>
    <subfield code="8">rus</subfield>
    <subfield code="a">&#x421;&#x43C;&#x438;&#x440;&#x43D;&#x43E;&#x432;</subfield>
    <subfield code="b">&#x415;. &#x41D;.</subfield>
    <subfield code="c">&#x44D;&#x43A;&#x441;&#x43F;&#x435;&#x440;&#x442;-&#x43A;&#x438;&#x43D;&#x43E;&#x43B;&#x43E;&#x433;</subfield>
    <subfield code="g">&#x415;&#x432;&#x433;&#x435;&#x43D;&#x438;&#x439; &#x41D;&#x438;&#x43A;&#x43E;&#x43B;&#x430;&#x435;&#x432;&#x438;&#x447;</subfield>
    <subfield code="9">2705621</subfield>
    <subfield code="3">RU\NLR\AUTH\770292468</subfield>
  </datafield>
  <datafield tag="942" ind1=" " ind2=" ">
    <subfield code="c">BOOK</subfield>
  </datafield>
  <datafield tag="980" ind1=" " ind2=" ">
    <subfield code="a">NB</subfield>
  </datafield>
</record>
